| 000 | 00367nab a22001097u 4500 | ||
|---|---|---|---|
| 008 | 130520b2007 xxu||||| |||| 00| 0 spa d | ||
| 041 | _aspa | ||
| 100 | 1 |
_aÁlvarez de los Mozos, Patxi _970697 |
|
| 245 | 0 | 0 |
_aCrecer en madurez en la vida Religiosa _cPatxi Álvarez De Los Mozos |
| 773 | 0 |
_tSal Terrae _gV.95, nº1115,2007,págs. 665-676 _x0211-4569 _wRev410 |
|
| 942 | _cAR | ||
| 999 |
_c382389 _d382389 |
||